Tareekh fiqah islami (Record no. 930533)

MARC details
000 -LEADER
fixed length control field 00819nam a2200277Ia 4500
003 - CONTROL NUMBER IDENTIFIER
control field OSt
005 - DATE AND TIME OF LATEST TRANSACTION
control field 20221005023053.0
008 - FIXED-LENGTH DATA ELEMENTS--GENERAL INFORMATION
fixed length control field 221004b |||||||| |||| 00| 0 ara d
020 ## - INTERNATIONAL STANDARD BOOK NUMBER
International Standard Book Number 9789382201113 (hbk)
037 ## - SOURCE OF ACQUISITION
Terms of availability Textual
040 ## - CATALOGING SOURCE
Original cataloging agency CRL
Transcribing agency CRL
Language of cataloging ara
041 ## - LANGUAGE CODE
Source of code ara
Language code of text/sound track or separate title ara
100 ## - MAIN ENTRY--PERSONAL NAME
Personal name Nadvi Abdussalam Au.
245 #0 - TITLE STATEMENT
Title Tareekh fiqah islami
260 ## - PUBLICATION, DISTRIBUTION, ETC.
Place of publication, distribution, etc. Azamgarh
Name of publisher, distributor, etc. Darul musannifeen Shibli academy India
Date of publication, distribution, etc. 2016
300 ## - PHYSICAL DESCRIPTION
Extent 471p.
Dimensions cm.
650 ## - SUBJECT ADDED ENTRY--TOPICAL TERM
Topical term or geographic name entry element ISLAM
650 ## - SUBJECT ADDED ENTRY--TOPICAL TERM
Topical term or geographic name entry element QURAN
9 (RLIN) 33479
650 ## - SUBJECT ADDED ENTRY--TOPICAL TERM
Topical term or geographic name entry element HISTORY
942 ## - ADDED ENTRY ELEMENTS (KOHA)
Classification part Q7:21v, 168Q6
Koha item type Textual
Source of classification or shelving scheme
Holdings
Withdrawn status Lost status Damaged status Not for loan Home library Current library Date acquired Source of acquisition Total Checkouts Full call number Barcode Date last seen Price effective from Koha item type Public note
        Central Library Central Library 2022-10-05 2395, 29/02/2020, M.R.Publications   Q7:21v 168Q6 CL1678195 2022-10-05 2022-10-05 Textual Tranlated from Arabic to Urdu
Copyright @ Delhi University Library System